Kinetic model of naphtha reforming process based on the use of thermodynamic potentials; XXI International Conference on Chemical Reactors "CHEMREACTOR-21", Delft, The Netherlands, September 22-25, 2014

Bibliografiske detaljer
Parent link:XXI International Conference on Chemical Reactors "CHEMREACTOR-21", Delft, The Netherlands, September 22-25, 2014.— 2014.— [P. 54-55]
Andre forfattere: Zagoruiko A. N. Andrey Nikolaevich, Noskov A., Belyi A., Smolikov M.
Summary:Title screen
Sprog:engelsk
Udgivet: 2014
Fag:
Online adgang:http://www.catalysis.ru/resources/institute/Publishing/Report/2014/Abstracts-Chemreactor-21.pdf#page=55
Format: MixedMaterials Electronisk Book Chapter
KOHA link:https://koha.lib.tpu.ru/cgi-bin/koha/opac-detail.pl?biblionumber=638169

MARC

LEADER 00000naa0a2200000 4500
001 638169
005 20250528154605.0
035 |a (RuTPU)RU\TPU\network\2432 
035 |a RU\TPU\network\2431 
090 |a 638169 
100 |a 20141217d2014 k y0rusy50 ba 
101 0 |a eng 
102 |a RU 
135 |a drcn ---uucaa 
181 0 |a i  
182 0 |a b 
200 1 |a Kinetic model of naphtha reforming process based on the use of thermodynamic potentials  |f A. N. Zagoruiko [et al.] 
203 |a Text  |c electronic 
300 |a Title screen 
320 |a [References: p. 55 (2 tit.)] 
463 |t XXI International Conference on Chemical Reactors "CHEMREACTOR-21", Delft, The Netherlands, September 22-25, 2014  |o abstracts  |f Boreskov Institute of Catalysis of the Siberian Branch of the Russian Academy of Sciences, Novosibirsk, Russia ; Delft University of Technology, TU Delft Process TechnologyInstitute, The Netherlands ; ed. A. S. Noskov  |v [P. 54-55]  |d 2014 
610 1 |a электронный ресурс 
610 1 |a труды учёных ТПУ 
701 1 |a Zagoruiko  |b A. N.  |c Chemical Engineer  |c Professor of Tomsk Polytechnic University, Doctor of technical sciences  |f 1962-  |g Andrey Nikolaevich  |3 (RuTPU)RU\TPU\pers\33191 
701 1 |a Noskov  |b A. 
701 1 |a Belyi  |b A. 
701 1 |a Smolikov  |b M. 
801 1 |a RU  |b 63413507  |c 20141010 
801 2 |a RU  |b 63413507  |c 20170609  |g RCR 
850 |a 63413507 
856 4 |u http://www.catalysis.ru/resources/institute/Publishing/Report/2014/Abstracts-Chemreactor-21.pdf#page=55 
942 |c CF